Normal view
MARC view
Entry Personal Name
001 - CONTROL NUMBER
- control field: 8085
003 - CONTROL NUMBER IDENTIFIER
- control field: OSt
005 - DATE AND TIME OF LATEST TRANSACTION
- control field: 20211028144346.0
008 - FIXED-LENGTH DATA ELEMENTS
- fixed length control field: 211028|| aca||aabn | a|a d
040 ## - CATALOGING SOURCE
- Original cataloging agency: OSt
- Transcribing agency: OSt
100 ## - HEADING--PERSONAL NAME
- Personal name: Sequeira, Michelle Magdalene; James, Justine.
- Miscellaneous information: 1716107
670 ## - SOURCE DATA FOUND
- Source citation: Work cat.: (OSt): Sequeira, Michelle Magdalene; James, Justine. 1716107, To study the effectiveness of online website in digital marketing with special reference to Mandovi Motors Pvt. Ltd. Mangalore., 2019